ARRUPE JESUIT UNIVERSITY

CORONAVIRUS -STOP THE SPREAD - CLEAN,DISINFECT,COVER

The philosophy of nature : (Record no. 130663)

MARC details
000 -LEADER
fixed length control field 01025cam a22003014a 4500
001 - CONTROL NUMBER
control field 13054804
003 - CONTROL NUMBER IDENTIFIER
control field ARRUPE
005 - DATE AND TIME OF LATEST TRANSACTION
control field 20211004122125.0
008 - FIXED-LENGTH DATA ELEMENTS--GENERAL INFORMATION
fixed length control field 020429s2002 enk b 001 0 eng
010 ## - LIBRARY OF CONGRESS CONTROL NUMBER
LC control number 2003428045
020 ## - INTERNATIONAL STANDARD BOOK NUMBER
International Standard Book Number 1902683617
020 ## - INTERNATIONAL STANDARD BOOK NUMBER
International Standard Book Number 1902683625 (pbk.)
035 ## - SYSTEM CONTROL NUMBER
System control number (UkLWHE)b000171275
040 ## - CATALOGING SOURCE
Original cataloging agency DLC
Transcribing agency DLC
Modifying agency DLC
042 ## - AUTHENTICATION CODE
Authentication code pcc
050 00 - LIBRARY OF CONGRESS CALL NUMBER
Classification number BD581
Item number .E45 2002
300 ## - PHYSICAL DESCRIPTION
Dimensions 22 cm.
100 1# - MAIN ENTRY--PERSONAL NAME
Personal name Ellis, B. D.
Fuller form of name (Brian David),
Dates associated with a name 1929-
9 (RLIN) 50246
245 14 - TITLE STATEMENT
Title The philosophy of nature :
Remainder of title a guide to the new essentialism /
Statement of responsibility, etc Brian Ellis.
260 ## - PUBLICATION, DISTRIBUTION, ETC. (IMPRINT)
Place of publication, distribution, etc Chesham :
Name of publisher, distributor, etc Acumen,
Date of publication, distribution, etc 2002.
300 ## - PHYSICAL DESCRIPTION
Extent v, 185 p. ;
504 ## - BIBLIOGRAPHY, ETC. NOTE
Bibliography, etc Includes bibliographical references (p. 177-180) and index.
650 #0 - SUBJECT ADDED ENTRY--TOPICAL TERM
Topical term or geographic name as entry element Philosophy of nature.
9 (RLIN) 17211
650 #0 - SUBJECT ADDED ENTRY--TOPICAL TERM
Topical term or geographic name as entry element Essentialism (Philosophy)
9 (RLIN) 33793
650 #0 - SUBJECT ADDED ENTRY--TOPICAL TERM
Topical term or geographic name as entry element Necessity (Philosophy)
9 (RLIN) 11386
906 ## - LOCAL DATA ELEMENT F, LDF (RLIN)
a 7
b cbc
c origres
d 2
e ncip
f 20
g y-gencatlg
942 ## - ADDED ENTRY ELEMENTS (KOHA)
Source of classification or shelving scheme Library of Congress Classification
Koha item type Monograph ( Printed materials)
Holdings
Withdrawn status Lost status Source of classification or shelving scheme Damaged status Not for loan Collection code Home library Current library Shelving location Date acquired Total Checkouts Full call number Barcode Date last seen Price effective from Koha item type
    Library of Congress Classification     Main Collection ARRUPE LIBRARY ARRUPE LIBRARY Main Collection 04/10/2021   BD581 .E45 2002 46600007886 04/10/2021 04/10/2021 Monograph ( Printed materials)

 

Arrupe Library. PO Box MP320 Mt Pleasant, Harare, Zimbabwe
263 242 745411|librarian@aju.ac.zw